Formule 1 - Champions du monde par images - Statistiques

Statistiques générales
  • Ce quiz a été pris 379 fois
  • Le résultat moyen est 20 sur 34
Statistiques - réponses
Par images Réponse % Correct
Lewis Hamilton
100%
Max Verstappen
97%
Michael Schumacher
96%
Fernando Alonso
95%
Alain Prost
94%
Ayrton Senna
94%
Sebastian Vettel
93%
Niki Lauda
88%
Nico Rosberg
84%
Kimi Räikkönen
79%
Mika Häkkinen
76%
Jenson Button
75%
Juan Manuel Fangio
71%
Jacques Villeneuve
66%
Nelson Piquet
66%
Nigel Mansell
64%
James Hunt
57%
Damon Hill
55%
Alberto Ascari
46%
Jackie Stewart
46%
Keke Rosberg
45%
Giuseppe Farina
44%
Graham Hill
41%
Emerson Fittipaldi
37%
Jack Brabham
34%
Jim Clark
33%
Alan Jones
30%
Jochen Rindt
29%
Mario Andretti
29%
Denny Hulme
27%
Jody Scheckter
27%
Mike Hawthorn
27%
John Surtees
25%
Phil Hill
25%
Aucun quiz correspondant
Distribution des résultats
% des personnes avec chaque résultat
Percentile par nombre de réponses
Votre historique - résultats
Vous n’avez pas pris ce quiz